|
|
|
|
| LEADER |
00000naa0a2200000 4500 |
| 001 |
665540 |
| 005 |
20250818125831.0 |
| 035 |
|
|
|a (RuTPU)RU\TPU\network\36739
|
| 035 |
|
|
|a RU\TPU\network\36737
|
| 090 |
|
|
|a 665540
|
| 100 |
|
|
|a 20211015d2020 k y0rusy50 ca
|
| 101 |
0 |
|
|a rus
|
| 102 |
|
|
|a RU
|
| 135 |
|
|
|a drcn ---uucaa
|
| 181 |
|
0 |
|a i
|
| 182 |
|
0 |
|a b
|
| 200 |
1 |
|
|a Асимптотический анализ RQ-системы M/M/1 с ненадежным прибором
|f Е. А. Федорова, С. В. Рожкова, Н. М. Воронина
|
| 203 |
|
|
|a Текст
|c электронный
|
| 300 |
|
|
|a Заглавие с экрана
|
| 320 |
|
|
|a [Библиогр.: 3 назв.]
|
| 461 |
|
|
|t Труды Томского государственного университета. Серия физико-математическая
|d 1932-
|
| 463 |
|
|
|t Т. 305 : Математическое и программное обеспечение информационных, технических и экономических систем
|o материалы Международной научной конференции. Томск, 28-30 мая 2020 г.
|f под общ. ред. И. С. Шмырина
|v [С. 304-309]
|d 2020
|
| 610 |
1 |
|
|a труды учёных ТПУ
|
| 610 |
1 |
|
|a электронный ресурс
|
| 700 |
|
1 |
|a Федорова
|b Е. А.
|g Екатерина Александровна
|
| 701 |
|
1 |
|a Рожкова
|b С. В.
|c математик
|c профессор Томского политехнического университета, доктор физико-математических наук
|f 1971-
|g Светлана Владимировна
|3 (RuTPU)RU\TPU\pers\25740
|9 11642
|
| 701 |
|
1 |
|a Воронина
|b Н. М.
|c специалист в области информатики и вычислительной техники
|c старший преподаватель Томского политехнического университета
|f 1980-
|g Наталия Михайловна
|3 (RuTPU)RU\TPU\pers\34263
|9 17794
|
| 712 |
0 |
2 |
|a Национальный исследовательский Томский политехнический университет
|b Школа базовой инженерной подготовки
|b Отделение математики и информатики
|3 (RuTPU)RU\TPU\col\23555
|
| 801 |
|
2 |
|a RU
|b 63413507
|c 20220110
|g RCR
|
| 856 |
4 |
|
|u https://elibrary.ru/item.asp?id=44783946
|
| 942 |
|
|
|c CF
|